<?xml version="1.0" encoding="UTF-8"?>
<collection xmlns="http://www.loc.gov/MARC21/slim">
 <record>
  <leader>01156nam a22002897a 4500</leader>
  <controlfield tag="001">41293</controlfield>
  <controlfield tag="003">BD-DhAAL</controlfield>
  <controlfield tag="008">230530r19641958mdu           000 1 eng d</controlfield>
  <datafield tag="040" ind1=" " ind2=" ">
   <subfield code="a">BD-DhAAL</subfield>
   <subfield code="c">BD-DhAAL</subfield>
  </datafield>
  <datafield tag="082" ind1="0" ind2="0">
   <subfield code="a">891.733</subfield>
  </datafield>
  <datafield tag="100" ind1="1" ind2=" ">
   <subfield code="a">Dostoyevsky, Fyodor,</subfield>
   <subfield code="d">1821-1881.</subfield>
  </datafield>
  <datafield tag="245" ind1="1" ind2="4">
   <subfield code="a">The brothers Karamazov,</subfield>
   <subfield code="n">volume 1 /</subfield>
   <subfield code="c">Fyodor Dostoevsky ; translated with an introduction by David Magarshack.</subfield>
  </datafield>
  <datafield tag="260" ind1=" " ind2=" ">
   <subfield code="a">Maryland :</subfield>
   <subfield code="b">Penguin Books,</subfield>
   <subfield code="c">1958 [reprinted 1964].</subfield>
  </datafield>
  <datafield tag="300" ind1=" " ind2=" ">
   <subfield code="a">xxvi, 382 pages ;</subfield>
   <subfield code="c">21 cm.</subfield>
  </datafield>
  <datafield tag="362" ind1=" " ind2=" ">
   <subfield code="a">Vol. 1</subfield>
  </datafield>
  <datafield tag="490" ind1=" " ind2=" ">
   <subfield code="a">Penguin Classics</subfield>
  </datafield>
  <datafield tag="541" ind1=" " ind2=" ">
   <subfield code="a">Donated By Akbar Ali Khan</subfield>
   <subfield code="e">41293</subfield>
  </datafield>
  <datafield tag="650" ind1=" " ind2="0">
   <subfield code="a">Fathers and sons</subfield>
   <subfield code="x">Fiction.</subfield>
   <subfield code="9">7357</subfield>
  </datafield>
  <datafield tag="650" ind1=" " ind2="0">
   <subfield code="a">Brothers</subfield>
   <subfield code="x">Fiction.</subfield>
   <subfield code="9">54041</subfield>
  </datafield>
  <datafield tag="650" ind1=" " ind2="0">
   <subfield code="a">English literature.</subfield>
  </datafield>
  <datafield tag="651" ind1=" " ind2="0">
   <subfield code="a">Russia</subfield>
   <subfield code="x">Social life and customs</subfield>
   <subfield code="y">1533-1917</subfield>
   <subfield code="x">Fiction.</subfield>
   <subfield code="9">54042</subfield>
  </datafield>
  <datafield tag="700" ind1=" " ind2=" ">
   <subfield code="a">Magarshack, David,</subfield>
   <subfield code="d">1899-1977.</subfield>
   <subfield code="9">54043</subfield>
  </datafield>
  <datafield tag="830" ind1=" " ind2=" ">
   <subfield code="a">Penguin Classics</subfield>
  </datafield>
  <datafield tag="852" ind1=" " ind2=" ">
   <subfield code="a">Ayesha Abed Library</subfield>
   <subfield code="c">Akbar Ali Khan Collection</subfield>
  </datafield>
  <datafield tag="942" ind1=" " ind2=" ">
   <subfield code="2">ddc</subfield>
   <subfield code="c">BK</subfield>
  </datafield>
  <datafield tag="999" ind1=" " ind2=" ">
   <subfield code="c">45817</subfield>
   <subfield code="d">45817</subfield>
  </datafield>
  <datafield tag="952" ind1=" " ind2=" ">
   <subfield code="0">0</subfield>
   <subfield code="1">0</subfield>
   <subfield code="2">ddc</subfield>
   <subfield code="4">0</subfield>
   <subfield code="6">891_733000000000000_DOS</subfield>
   <subfield code="7">1</subfield>
   <subfield code="9">73697</subfield>
   <subfield code="a">BRACUL</subfield>
   <subfield code="b">BRACUL</subfield>
   <subfield code="c">AAKC</subfield>
   <subfield code="d">2023-05-30</subfield>
   <subfield code="e">Donated By Akbar Ali Khan</subfield>
   <subfield code="l">0</subfield>
   <subfield code="o">891.733 DOS</subfield>
   <subfield code="p">3010041293</subfield>
   <subfield code="r">2025-04-28</subfield>
   <subfield code="t">1</subfield>
   <subfield code="w">2023-05-30</subfield>
   <subfield code="y">BK</subfield>
  </datafield>
 </record>
</collection>
